Take stock of your green credentials (Record no. 72668)

MARC details
000 -LEADER
fixed length control field 01270cam a2200229 4500
001 - CONTROL NUMBER
control field ABS66701
008 - FIXED-LENGTH DATA ELEMENTS--GENERAL INFORMATION
fixed length control field 030514n2003 000 0 eng u
035 ## - SYSTEM CONTROL NUMBER
System control number (Sirsi) u122269
100 ## - MAIN ENTRY--PERSONAL NAME
Personal name Osbourne, H.
245 ## - TITLE STATEMENT
Title Take stock of your green credentials
260 ## - PUBLICATION, DISTRIBUTION, ETC.
Date of publication, distribution, etc. 2003
490 ## - SERIES STATEMENT
Series statement Estates Gazette
Volume/sequential designation (0319) 10 May 2003, 106-107(2)
520 ## - SUMMARY, ETC.
Summary, etc. Discusses the push towards Corporate Social ResponsibiIity (CSR) by government and the stock market. FTSE4Good advisory committee has recently tightened environmental criteria resulting in seven companies being delisted while government's "Modernising company law" White Paper will also increase the environmental burden on companies. Some property firms will have to produce information on contaminated land issues and the UK's biggest companies will be required to produce annual reviews of their energy, water and fuel consumption. Highlights the duties of CSR managers and briefly looks at Land Securities' green credentials.
590 ## - LOCAL NOTE (RLIN)
Local note ABS
650 ## - SUBJECT ADDED ENTRY--TOPICAL TERM
Topical term or geographic name entry element CORPORATE SOCIAL RESPONSIBILITY
650 ## - SUBJECT ADDED ENTRY--TOPICAL TERM
Topical term or geographic name entry element ENVIRONMENTAL PERFORMANCE
650 ## - SUBJECT ADDED ENTRY--TOPICAL TERM
Topical term or geographic name entry element ENVIRONMENTAL IMPACT
650 ## - SUBJECT ADDED ENTRY--TOPICAL TERM
Topical term or geographic name entry element COMPANY LAW
650 ## - SUBJECT ADDED ENTRY--TOPICAL TERM
Topical term or geographic name entry element FTSE INDEX
690 ## - LOCAL SUBJECT ADDED ENTRY--TOPICAL TERM (OCLC, RLIN)
Topical term or geographic name as entry element ENVIRONMENTAL AND LAND CONSULTANCY-ENVIRONMENTAL MANAGEMENT
942 ## - ADDED ENTRY ELEMENTS (KOHA)
Suppress in OPAC 0
Holdings
Withdrawn status Lost status Source of classification or shelving scheme Damaged status Not for loan Home library Current library Shelving location Date acquired Total Checkouts Full call number Barcode Date last seen Copy number Price effective from Koha item type
    Dewey Decimal Classification     London London Journal article 14/05/2003   ABS66701 122269-1001 06/08/2019 1 06/08/2019 Journal article